00999nas a2200229Ia 4500001001100000003000900011008004100020040001300061040001300074041001300087100005600100210002400156222002400180245013800204250001100342260003800353501008600391300001800477362002600495500021000521650003800731R221/G7427IT-RoPAU151124c99999999xx |||||||||||| ||und|| aIT-RoPAU cIT-RoPAU aITALIANO aLeibniz Gottfried WilhelmgCodice Aut. SPICS: 11840 aRIVISTA DI ESTETICA aRivista Di Estetica aRIVISTA DI ESTETICA, ANNO 41-N.16 (2001)bDiscorso Intorno Al Metodo Della Certezza E All'Arte di Scoprire, Per Concludere Le Dispute a1a ed. aTORINObROSENBERG & SELLIERc2001 bPaulus - SPICS - Società San Paolo EM (non-commercial uses only)cCopyright2015 a10 p. [68-77] aANNO 041, N.16 (2001) aComposto Verso la Fine del Xvii Secolo, Apparve nel Primo Volume degli Scritti Filosofici di Leibniz, Pubblicato da Utet nel 2000. per Concludere le Dispute e per Compiere in Breve Tempo Grandi Progressi. aESTETICAvPUBBLICAZIONE PERIODICA